000 00865nas a2200301 4500
001 BR0705510
003 BR-BrBNA
005 20231205111000.0
007 ta
008 230509b bl.|||p| |||| 00| 00por d
040 _aBR-BrBNA
_bpor
_cBiblioteca Nacional de Agricultura
041 _a(Pt)
072 _aQ04
100 1 _aMastro, N.L. del
100 1 _aTaipina, M.S.
100 1 _aCohen, V.H.
100 1 _aBodas, M.A. de B.
100 1 _aGarbelotti, M.L.
245 1 _aAvaliação crítica da polpa de banana (Musa spp.)verde
650 _aPOLPA DE FRUTA
650 _aBANANA
650 _aCOMPOSIÇÃO DE ALIMENTO
650 _aVALOR NUTRITIVO
650 _aSÃO PAULO
773 0 _tHigiene Alimentar (Brazil)
_xISSN 0101-9171
_g(Jul 2007), v. 21(153) p. 39-45
_wBR0705510
909 _a202311
_bLúcia
_c55
_dLúcia Elande
942 _2AGRIS
_n0
_cANA
999 _c190073
_d190073